000 01133cam a22003497a 4500
003 CHAP
005 20220329133516.0
008 971013s1982 r 00010 d
010 _a7194
011 _a8166
035 _a7391
040 _cCHAP
090 _aFolleto 13945
100 0 0 _aMendizábal Figueroa, Héctor.
_974585
245 1 3 _aEl módulo "H" y la siembra de maíz por transplante
260 _aMéxico, D.F. :
_bFomento Cultural Banamex, A.C.,
_c1982
300 _a38 h.
490 0 _aPremio Banamex de Ciencia y Tecnología
500 _a64-161
590 _aBATCH-UPD
_b10
_c20130110
_lUCH01
_h0257
590 _aBATCH-UPD
_b10
_c20130110
_lUCH01
_h2036
590 _aBATCH-UPD
_b10
_c20130409
_lUCH01
_h2329
590 _aBATCH-UPD
_b10
_c20130410
_lUCH01
_h1351
590 _aBATCH-UPD
_b10
_c20130914
_lUCH01
_h1439
590 _aCONVERSION
_b10
_c20130109
_lUCH01
_h1305
650 1 4 _aFrijol
_xTrasplante.
_943442
650 1 4 _aMaíz
_xTrasplante.
_971075
830 0 _aPremio Banamex de Ciencia y Tecnología
_991380
901 _aBK
942 _cFOLL
949 _aFolleto 13945
_bBC
_cFOLL
_d-17219
_eTS1
_i7391
_mD
_si
999 _c7194
_d7194